Silicon Valley Python Engineer Interview Guide: Data Structures, Algorithms, and System Design

Uloženo v:
Podrobná bibliografie
Hlavní autor: Ren
Médium: Kniha
Vydáno: Springer
Tagy: Přidat tag
Žádné tagy, Buďte první, kdo vytvoří štítek k tomuto záznamu!

MARC

LEADER 00000nam a2200000Ia 4500
005 20260513122054.0
020 |a 9789819632008 
100 |a Ren 
365 |c € 
365 |b 28.00 
942 |c BK 
245 |a Silicon Valley Python Engineer Interview Guide: Data Structures, Algorithms, and System Design 
260 |b Springer 
999 |c 111  |d 111 
952 |0 0  |1 0  |4 0  |7 0  |a UNSW  |b UNSW  |d 2026-05-06  |g 64.99  |i 16685  |l 0  |p 000080  |r 2026-05-13 12:20:54  |v 64.99  |w 2026-05-13  |y BK